00377pab a2200133 454500008004000000100002400040245008500064260000900149300001700158362000800175650001900183650002000202773002100222180718b2012 xxu||||| |||| 00| 0 eng d aWright, Jonathan H. aWhat does monetary policy do to longterm interest rates at the zero lower bound? c2012 ap.F447-F466. aNov aInterest rates aMonetary policy aEconomic Journal